Catálogo
Digital

Catálogo
Digital

La ciencia de la supervivencia (Record no. 13942)

MARC details
000 -CABECERA
campo de control de longitud fija 01742nam a2200289 4500
003 - IDENTIFICADOR DEL NÚMERO DE CONTROL
campo de control EC-UNACH
005 - FECHA Y HORA DE LA ÚLTIMA TRANSACCIÓN
campo de control 20250929164216.0
006 - CÓDIGOS DE INFORMACIÓN DE LONGITUD FIJA--CARACTERÍSTICAS DEL MATERIAL ADICIONAL
campo de control de longitud fija s||||gr|||| 00| 00
008 - DATOS DE LONGITUD FIJA--INFORMACIÓN GENERAL
campo de control de longitud fija 150116t9999 mx r gr 000 0 spa d
020 ## - NÚMERO INTERNACIONAL ESTÁNDAR DEL LIBRO
Número Internacional Estándar del Libro 978-1-4031-4762-2
040 ## - FUENTE DE LA CATALOGACIÓN
Centro catalogador/agencia de origen EC-UNACH
Centro/agencia transcriptor EC-UNACH
041 ## - CÓDIGO DE LENGUA
Código de lengua del texto/banda sonora o título independiente spa
082 04 - NÚMERO DE LA CLASIFICACIÓN DECIMAL DEWEY
Número de edición 23
Número de clasificación 299.936
Número de documento/Ítem L018289
100 ## - ENTRADA PRINCIPAL--NOMBRE DE PERSONA
Nombre de persona L. RONALD HUBBARD
245 ## - MENCIÓN DE TÍTULO
Título La ciencia de la supervivencia
250 ## - MENCIÓN DE EDICIÓN
Mención de edición Primera Edición
264 ## - Producción, publicación, distribución, fabricación y copyright
Lugar de producción, publicación, distribución, fabricación Estados Unidos
Nombre del de productor, editor, distribuidor, fabricante BRIDGE PUBLICATIONS
Fecha de de producción, publicación, distribución, fabricación o copyright 2007
300 ## - DESCRIPCIÓN FÍSICA
Extensión 729 páginas
505 ## - NOTA DE CONTENIDO CON FORMATO
Nota de contenido con formato El libro más útil que tendrás jamás. Elaborado en torno a la Tabla Hubbard de Evaluación Humana, La Ciencia de la Supervivencia proporciona la primera predicción exacta del comportamiento humano. Todas las manifestaciones del potencial de supervivencia de un individuo, graduadas desde la más alta hasta la más baja, están incluidas en esta tabla, haciendo que este sea el libro completo sobre la Escala Tonal. Conociendo sólo una o dos características de una persona y usando esta tabla, puedes trazar su posición en la Escala Tonal, y de este modo saber el resto, y obtener así un índice exacto de toda su personalidad, conducta y carácter. Antes de este libro el mundo estaba convencido de que los casos no podían mejorar, sino sólo deteriorarse. La Ciencia de la Supervivencia presenta la idea de diferentes estados de caso y la idea completamente nueva de que uno puede subir por la Escala Tonal. Y ahí se encuentra la base de la actual Tabla de Grados.<br/>
650 ## - PUNTO DE ACCESO ADICIONAL DE MATERIA--TÉRMINO DE MATERIA
Término de materia o nombre geográfico como elemento inicial CIENCIOLOGÍA
650 ## - PUNTO DE ACCESO ADICIONAL DE MATERIA--TÉRMINO DE MATERIA
Término de materia o nombre geográfico como elemento inicial DIANÉTICA
650 ## - PUNTO DE ACCESO ADICIONAL DE MATERIA--TÉRMINO DE MATERIA
Término de materia o nombre geográfico como elemento inicial ÉTICA
942 ## - ELEMENTOS DE PUNTO DE ACCESO ADICIONAL (KOHA)
Fuente del sistema de clasificación o colocación Clasificación Decimal Dewey
Tipo de ítem Koha Libros
999 ## - NÚMEROS DE CONTROL DE SISTEMA (KOHA)
Koha biblionumber 13942
Holdings
Estado de pérdida Fuente del sistema de clasificación o colocación Estado dañado No para préstamo Localización permanente Ubicación/localización actual Ubicación en estantería Fecha de adquisición Fuente de adquisición Número de inventario Total de préstamos Signatura topográfica completa Código de barras Fecha visto por última vez Número de copia Precio válido a partir de Tipo de ítem Koha Centro de costos
  Clasificación Decimal Dewey     Biblioteca Campus Norte Biblioteca Campus Norte Psicología Clínica 29/09/2025 Transitoria Segunda del Reglamento de Biblioteca 39933199   299.936 L018289 L018289 29/09/2025 Ejemplar 01 29/09/2025 Libros  

Powered by Koha